| 000 | 01012nam a2200145Ia 4500 | ||
|---|---|---|---|
| 008 | 220216s9999 xx 000 0 und d | ||
| 100 | _aJayasuriya K E | ||
| 245 | 0 | _aUse of potentially antagonistic fungi to control some Hevea pathogens in vitro | |
| 260 | _bPapers presented at IRRDB seminar 5-8 November 1996 Sri Lanka p22 | ||
| 520 | _aFungi potentially antagonistic against Hevea pathogens were isolated from different sources and their antagonistic mechanisms against individual pathogens were studied. Basidiomycetes fungi viz. Tramates spp and some Coprophillus group fungi caused hyphal inhibition of R. lignosus by hyphal interference mechanism, similar to the control mechanism of Phlebiopsis gigantea (Peniophora gigantea), the commercial biocontrol agent of Heterobasidion anosum of pine. Trichoderma and Gliocladium spp antagonised most of the Hevea pathogens in paired cultures by antibiosis. | ||
| 650 | _aAntagonistic fungi | ||
| 650 | _aHevea-Pathogens | ||
| 650 | _aSri Lanka | ||
| 942 | _cJS | ||
| 999 |
_c71906 _d71906 |
||